Plavec z Osvětimi / Renaud Leblond ; přeložila Barbara Škopová
Románové zpracování dojemného příběhu velkého židovského plavce Alfreda Nakache je vyprávěno v rovině šťastného dětství a mládí v Alžírsku a Francii a v rovině nelidských podmínek, týrání a vraždění v koncentračních táborech. Alfred Nakache měl jako kluk panický strach z vody, jako dospělý sbíral medaile a tituly v plavání. Jeho příběh ale patřil k těm, které Emmanuel Macron ve své řeči o velkých postavách francouzských dějin nazval zpřetrhanými a vykloubenými. Zázračné dítě se po prvních plaveckých krůčcích stěhuje z rodné Constantine do Paříže, kde sklízí další úspěchy. Žení se a budoucnost se jeví být zářnou. Píše se ale rok 1941 a Nakache se jako Žid musí přestěhovat do bezpečnější, jižní části Francie. V Toulouse je přijat srdečně, ani tady však se ženou a dcerkou neunikne spárům gestapa. Rodina je přes internační tábor v Drancy deportována do Osvětimi, kde je rozdělena... Nakladatelská anotace. Kráceno.
Record details
- ISBN: 978-80-277-1397-4
- Physical Description: 253 stran ; 21 cm
- Publisher: Praha : Dobrovský s.r.o., 2023
Content descriptions
| General Note: | Přeloženo z francouzštiny |
Search for related items by subject
| Genre: | francouzské romány biografické romány French fiction biographical novels |
Search for related items by series
Available copies
- 1 of 1 copy available at Common Catalog SPOK.
Holds
- 0 current holds with 1 total copy.
Show Only Available Copies
| Location | Call Number / Copy Notes | Barcode | Shelving Location | Status | Due Date |
|---|---|---|---|---|---|
| The Jewish community of Prague | K 3982 | 4638304925 | K - Beletrie | Available | - |
| LDR | 03956nam a2200817 i 4500 | ||
|---|---|---|---|
| 001 | 57911 | ||
| 003 | CZ-PrJAB | ||
| 005 | 20240124132123.0 | ||
| 007 | ta | ||
| 008 | 231207s2023 xr g 000 fbcze | ||
| 015 | . | ‡acnb003577442 | |
| 020 | . | ‡a978-80-277-1397-4 ‡q(vázáno) | |
| 035 | . | ‡a(CZ PrNK)nkc20233577442 | |
| 035 | . | ‡a(OCoLC)1420608527 | |
| 040 | . | ‡aABG001 ‡bcze ‡erda | |
| 041 | 1 | . | ‡acze ‡hfre |
| 043 | . | ‡ae-fr--- ‡ae-pl--- | |
| 045 | . | ‡ax3x4 | |
| 072 | 7. | ‡a821.133.1-3 ‡xFrancouzská próza, francouzsky psaná ‡2Konspekt ‡925 | |
| 072 | 7. | ‡a929 ‡xBiografie ‡2Konspekt ‡98 | |
| 080 | . | ‡a821.133.1-31 ‡2MRF | |
| 080 | . | ‡a797.2.071.2 ‡2MRF | |
| 080 | . | ‡a(=411.16) ‡2MRF | |
| 080 | . | ‡a323.28 ‡2MRF | |
| 080 | . | ‡a323.12"1939/1945"-053.15 ‡2MRF | |
| 080 | . | ‡a343.819.5 ‡2MRF | |
| 080 | . | ‡a323.12"1939/1945" ‡2MRF | |
| 080 | . | ‡a94(100)"1939/1945" ‡2MRF | |
| 080 | . | ‡a929 ‡2MRF | |
| 080 | . | ‡a(44) ‡2MRF | |
| 080 | . | ‡a(438) ‡2MRF | |
| 080 | . | ‡a(0:82-312.6) ‡2MRF | |
| 100 | 1 | . | ‡aLeblond, Renaud, ‡d1965- ‡7xx0311341 ‡4aut |
| 240 | 1 | 0. | ‡aNageur d'Auschwitz. ‡lČesky |
| 245 | 1 | 0. | ‡aPlavec z Osvětimi / ‡cRenaud Leblond ; přeložila Barbara Škopová |
| 264 | 1. | ‡aPraha : ‡bDobrovský s.r.o., ‡c2023 | |
| 300 | . | ‡a253 stran ; ‡c21 cm | |
| 336 | . | ‡atext ‡btxt ‡2rdacontent | |
| 337 | . | ‡abez média ‡bn ‡2rdamedia | |
| 338 | . | ‡asvazek ‡bnc ‡2rdacarrier | |
| 490 | 1 | . | ‡aKontrast |
| 500 | . | ‡aPřeloženo z francouzštiny | |
| 520 | 2 | . | ‡aRománové zpracování dojemného příběhu velkého židovského plavce Alfreda Nakache je vyprávěno v rovině šťastného dětství a mládí v Alžírsku a Francii a v rovině nelidských podmínek, týrání a vraždění v koncentračních táborech. ‡bAlfred Nakache měl jako kluk panický strach z vody, jako dospělý sbíral medaile a tituly v plavání. Jeho příběh ale patřil k těm, které Emmanuel Macron ve své řeči o velkých postavách francouzských dějin nazval zpřetrhanými a vykloubenými. Zázračné dítě se po prvních plaveckých krůčcích stěhuje z rodné Constantine do Paříže, kde sklízí další úspěchy. Žení se a budoucnost se jeví být zářnou. Píše se ale rok 1941 a Nakache se jako Žid musí přestěhovat do bezpečnější, jižní části Francie. V Toulouse je přijat srdečně, ani tady však se ženou a dcerkou neunikne spárům gestapa. Rodina je přes internační tábor v Drancy deportována do Osvětimi, kde je rozdělena... Nakladatelská anotace. Kráceno. |
| 600 | 1 | 7. | ‡aNakache, Alfred, ‡d1915-1983 ‡7xx0311346 ‡2czenas |
| 610 | 2 | 7. | ‡aOsvětim (koncentrační tábor) ‡7olak2003164504 ‡2czenas |
| 648 | 7. | ‡a20. století ‡7ch460558 ‡2czenas | |
| 648 | 7. | ‡a1939-1945 ‡7ch460653 ‡2czenas | |
| 650 | 0 | 7. | ‡aplavci ‡7ph196756 ‡zFrancie ‡y20. století ‡2czenas |
| 650 | 0 | 7. | ‡aŽidé ‡7ph127782 ‡zFrancie ‡y20. století ‡2czenas |
| 650 | 0 | 7. | ‡aŽidé ‡7ph127782 ‡xperzekuce ‡y1939-1945 ‡2czenas |
| 650 | 0 | 7. | ‡apřeživší holocaust ‡7ph852432 ‡zFrancie ‡2czenas |
| 650 | 0 | 7. | ‡akoncentrační tábory ‡7ph121782 ‡zPolsko ‡y1939-1945 ‡2czenas |
| 650 | 0 | 7. | ‡aholocaust (1939-1945) ‡7ph117203 ‡2czenas |
| 650 | 0 | 7. | ‡adruhá světová válka (1939-1945) ‡7ph117270 ‡2czenas |
| 650 | 0 | 9. | ‡aswimmers ‡zFrance ‡y20th century ‡2eczenas |
| 650 | 0 | 9. | ‡aJews ‡zFrance ‡y20th century ‡2eczenas |
| 650 | 0 | 9. | ‡aJews ‡xpersecutions ‡y1933-1945 ‡2eczenas |
| 650 | 0 | 9. | ‡aholocaust survivors ‡zFrance ‡2eczenas |
| 650 | 0 | 9. | ‡aconcentration camps ‡zPoland ‡y1939-1945 ‡2eczenas |
| 650 | 0 | 9. | ‡aholocaust (1939-1945) ‡2eczenas |
| 650 | 0 | 9. | ‡aWorld War (1939-1945) ‡2eczenas |
| 651 | 7. | ‡aOsvětim (Polsko) ‡7ge307692 ‡2czenas | |
| 651 | 9. | ‡aOświęcim (Poland) ‡2eczenas | |
| 655 | 7. | ‡afrancouzské romány ‡7fd132289 ‡2czenas | |
| 655 | 7. | ‡abiografické romány ‡7fd131905 ‡2czenas | |
| 655 | 9. | ‡aFrench fiction ‡2eczenas | |
| 655 | 9. | ‡abiographical novels ‡2eczenas | |
| 700 | 1 | . | ‡aŠkopová, Barbara ‡7xx0085879 ‡4trl |
| 830 | 0. | ‡aKontrast | |
| 910 | . | ‡aABE461 | |
| 995 | . | ‡aska | |
| 901 | . | ‡a57911 ‡bAUTOGEN ‡c57911 ‡tbiblio | |